Statystyki dla Męskie Imiona na literę S

Kliknij tutaj aby rozwiązać quiz!

Ogólne statystyki

  • Ten quiz został rozwiązany 253 razy
  • Średni wynik to 7 z 25

Statystyki odpowiedzi

Imiona% Poprawnych
Stanisław
84%
Szymon
83%
Sebastian
70%
Sławomir
66%
Stefan
55%
Sylwester
55%
Sergiusz
41%
Seweryn
41%
Szczepan
35%
Samuel
34%
Salomon
21%
Syriusz
15%
Serafin
14%
Sylwiusz
9%
Sabin
8%
Szaweł
8%
Salwador
7%
Sobiesław
7%
Szczęsny
7%
Sylwin
5%
Salwiusz
2%
Siemirad
0%
Sierosław
0%
Stajan
0%
Sydoniusz
0%

Rozkład punktacji

Percentyl według liczby udzielonych odpowiedzi

Procent ludzi z każdym wynikiem

Twoja historia wyników

Nie rozwiązałeś tego quizu